All ATP Champions in the 2010s - Statistics

General Stats
  • This quiz has been taken 36 times
  • The average score is 54 of 124
Answer Stats
Nr. Answer % Correct
46 Andy Murray
100%
101 Novak Djokovic
100%
92 Rafael Nadal
100%
103 Roger Federer
100%
23 Daniil Medvedev
95%
22 Juan Martín del Potro
95%
24 Alexander Zverev
91%
32 Andy Roddick
91%
27 David Ferrer
91%
17 Dominic Thiem
91%
18 Jo-Wilfried Tsonga
91%
21 Marin Čilić
91%
1 Mischa Zverev
91%
16 Stan Wawrinka
91%
13 Gaël Monfils
86%
12 Kei Nishikori
86%
12 Stefanos Tsitsipas
86%
9 Grigor Dimitrov
82%
8 Milos Raonic
77%
16 Richard Gasquet
77%
13 Tomáš Berdych
77%
17 Andrey Rublev
73%
6 David Goffin
73%
4 Diego Schwartzman
73%
4 Jack Sock
73%
16 Juan Carlos Ferrero
73%
10 Taylor Fritz
73%
9 Fabio Fognini
68%
16 John Isner
68%
7 Karen Khachanov
68%
30 Lleyton Hewitt
68%
7 Nick Kyrgios
68%
12 Roberto Bautista Agut
68%
7 Kevin Anderson
64%
7 Pablo Carreño Busta
64%
4 Denis Shapovalov
59%
7 Feliciano López
59%
3 Borna Ćorić
55%
7 Fernando Verdasco
55%
14 Gilles Simon
55%
5 Guillermo García López
55%
21 Nikolay Davydenko
55%
15 Tommy Haas
55%
11 David Nalbandian
50%
3 Frances Tiafoe
50%
8 Hubert Hurkacz
50%
10 Matteo Berrettini
50%
13 Nicolás Almagro
50%
12 Tommy Robredo
50%
5 Adrian Mannarino
45%
11 Alex de Minaur
45%
2 Florian Mayer
45%
4 Janko Tipsarević
45%
2 Leonardo Mayer
45%
10 Robin Söderling
45%
2 Dušan Lajovič
36%
10 Ivan Ljubičić
36%
4 Marcos Baghdatis
36%
5 Nikoloz Basilashvili
36%
4 Reilly Opelka
36%
10 Sam Querrey
36%
5 Cristian Garín
32%
8 Ivo Karlović
32%
9 Juan Mónaco
32%
3 Laslo Djere
32%
4 Lorenzo Sonego
32%
5 Lucas Pouille
32%
6 Mardy Fish
32%
8 Philipp Kohlschreiber
32%
2 Rajeev Ram
32%
4 Albert Ramos Viñolas
27%
3 Benoît Paire
27%
4 Bernard Tomic
27%
6 Ernests Gulbis
27%
1 Guido Pella
27%
5 Jürgen Melzer
27%
2 Kyle Edmund
27%
10 Mikhail Youzhny
27%
3 Nicolás Jarry
27%
4 Nicolas Mahut
27%
6 Pablo Cuevas
27%
5 Radek Štěpánek
27%
4 Steve Johnson
27%
3 Alexandr Dolgopolov
23%
3 Andreas Seppi
23%
2 Federico Delbonis
23%
2 Gilles Müller
23%
1 Horacio Zeballos
23%
6 Juan Ignacio Chela
23%
2 Roberto Carballés Baena
23%
1 Taro Daniel
23%
1 Tennys Sandgren
23%
3 Viktor Troicki
23%
2 Jiří Veselý
18%
4 João Sousa
18%
2 Lukáš Rosol
18%
4 Marcel Granollers
18%
3 Marco Cecchinato
18%
3 Márton Fucsovics
18%
1 Paolo Lorenzi
18%
4 Sergiy Stakhovsky
18%
4 Thomaz Bellucci
18%
3 Yoshihito Nishioka
18%
6 Albert Montañés
14%
2 Carlos Berlocq
14%
3 Damir Džumhur
14%
7 Dmitry Tursunov
14%
1 Ivan Dodig
14%
2 Jarkko Nieminen
14%
1 Juan Ignacio Londero
14%
4 Pablo Andújar
14%
2 Robin Haase
14%
3 Víctor Estrella Burgos
14%
1 Yūichi Sugita
14%
1 Andrey Golubev
9%
2 Denis Istomin
9%
6 Martin Kližan
9%
5 Michaël Llodra
9%
1 Mikhail Kukushkin
9%
1 Mirza Bašić
9%
1 Peter Gojowczyk
9%
1 Ryan Sweeting
9%
1 Radu Albot
5%
1 Ryan Harrison
5%
No matching quizzes found
Score Distribution
Percent of People with Each Score
Percentile by Number Answered
Your Score History
You have not taken this quiz